| 000 -LEADER |
| fixed length control field |
00913nam a22001337a 4500 |
| 008 - FIXED-LENGTH DATA ELEMENTS--GENERAL INFORMATION |
| fixed length control field |
250221b ||||| |||| 00| 0 eng d |
| 100 ## - MAIN ENTRY--PERSONAL NAME |
| Personal name |
Srviastava, Rohit |
| 245 ## - TITLE STATEMENT |
| Title |
Is non-violence a viable policy in global affairs? |
| 260 ## - PUBLICATION, DISTRIBUTION, ETC. (IMPRINT) |
| Place of publication, distribution, etc |
World Affairs: The Journal of International Issues |
| 300 ## - PHYSICAL DESCRIPTION |
| Extent |
28(4), Oct-Dec, 2024: p.106-115 |
| 520 ## - SUMMARY, ETC. |
| Summary, etc |
The article contrarians a reflection on the ongoing global transformation and on India’s evolving rule in the international system. The author argues that India should derive inhibition for its foreign policy from its ancient philosophy which is broader than Mahatma Gandhi’s non –violent approach. The concepts of non-violence are not always viable in the context of the human condition as history and centenary events demonstrate time and again. – Reproduced |
| 773 ## - HOST ITEM ENTRY |
| Main entry heading |
World Affairs: The Journal of International Issues |
| 942 ## - ADDED ENTRY ELEMENTS (KOHA) |
| Item type |
Articles |